000
00268nam a22001217a 4500
008
171019b xxu||||| |||| 00| 0 eng d
041
_a
eng
080
_a
338
100
_a
53
101
_a
MNG
245
_a
THE PRACTICE OF MANAGEMENT
_c
DRUCKER, P.F
942
_2
udc
_c
BK
999
_c
34866
_d
34866